00482nam a2200157Ia 450000500170000000800410001708200130005824500100007126000430008130000130012450000490013770000180018694200060020495200990021099900150030920250509021303.0240331s9999 xx 000 0 und d bUDAa891 0aUdaru aCoiambatorebVidiyal Pathippagamc2002 a167 p ., aCollection of Women's Writings and Paintings aRanji . eedt cL 001040708LaWERCLbWERCLcSSCd2024-03-31l0o 894.811 UDAp4645r2024-03-31w2024-03-31yL c4291d4291